Exam warriors / (Record no. 150579)
[ view plain ]
| 000 -LEADER | |
|---|---|
| fixed length control field | 00708nam a22001937a 4500 |
| 005 - DATE AND TIME OF LATEST TRANSACTION | |
| control field | 20180327144135.0 |
| 010 ## - LCCN (DPL NO) | |
| LC control number | B-690936-940 |
| 020 ## - INTERNATIONAL STANDARD BOOK NUMBER | |
| International Standard Book Number | 9780143441502 |
| Terms of availability | 100.00 |
| 035 ## - SYSTEM CONTROL NUMBER | |
| System control number | B-690936-940 |
| 037 ## - SOURCE OF ACQUISITION | |
| Stock number | dpl |
| Source of stock number/acquisition | Pansy Books |
| 082 ## - DEWEY DECIMAL CLASSIFICATION NUMBER | |
| Classification number | 371.3 |
| 100 ## - MAIN ENTRY--PERSONAL NAME | |
| Personal name | Modi, Narendra |
| 245 ## - TITLE STATEMENT | |
| Title | Exam warriors / |
| Statement of responsibility, etc | by Narendra Modi |
| 260 ## - PUBLICATION, DISTRIBUTION, ETC. (IMPRINT) | |
| Place of publication, distribution, etc | Gurgaon |
| Name of publisher, distributor, etc | Penguin Books |
| Date of publication, distribution, etc | 2018 |
| 270 ## - ADDRESS | |
| Address | 7th Floor, Infinity Tower C, DLF Cyber City, |
| City | Gurgaon |
| Postal code | 122002 |
| 300 ## - PHYSICAL DESCRIPTION | |
| Extent | xi,193p. |
| Dimensions | 22cm(pbk) |
| 942 ## - ADDED ENTRY ELEMENTS (KOHA) | |
| Source of classification or shelving scheme | Dewey Decimal Classification |
| Item type | Children Books |
| Call number suffix | MOD |
| Classification part | 371.3 |
| Withdrawn status | Lost status | Not for loan | Collection code | Home library | Current library | Date acquired | Source of acquisition | Cost, normal purchase price | Full call number | Barcode | Copy number | Cost, replacement price | Koha item type |
|---|---|---|---|---|---|---|---|---|---|---|---|---|---|
| Non-fiction | Ashok Vihar | Ashok Vihar | 27/03/2018 | Pansy/1725/9.3.2018/EN/Spl/2017-18/893/8.3.2018/14.3.2018 | 100.00 | 371.3 MOD | B-690937 | 1 | 100.00 | Children Books | |||
| Non-fiction | Central Library | Central Library | 27/03/2018 | Pansy/1725/9.3.2018/EN/Spl/2017-18/893/8.3.2018/14.3.2018 | 100.00 | 371.3 MOD | B-690936 | 1 | 100.00 | Children Books | |||
| Non-fiction | Patel Nagar | Patel Nagar | 27/03/2018 | Pansy/1725/9.3.2018/EN/Spl/2017-18/893/8.3.2018/14.3.2018 | 100.00 | 371.3 MOD | B-690938 | 1 | 100.00 | Children Books | |||
| Non-fiction | Sarojini Nagar | Sarojini Nagar | 27/03/2018 | Pansy/1725/9.3.2018/EN/Spl/2017-18/893/8.3.2018/14.3.2018 | 100.00 | 371.3 MOD | B-690939 | 1 | 100.00 | Children Books | |||
| Lost and Paid For | Non-fiction | Shahdara Branch | Shahdara Branch | 27/03/2018 | Pansy/1725/9.3.2018/EN/Spl/2017-18/893/8.3.2018/14.3.2018 | 100.00 | 371.3 MOD | B-690940 | 1 | 100.00 | Children Books |
